000 00583nam a2200229Ia 4500
003 OSt
005 20221005130944.0
006 a|||||r|||| 00| 0
007 ta
008 221004b |||||||| |||| 00| 0 eng d
024 _a34594
037 _cTextual
040 _aCRL
_cCRL
_beng
041 _2eng
_aeng
082 _aO:1K31:9, J7
100 _aCollins John Churton Ed.
_9638910
245 0 _aSatires of Dryden
260 _c1957
650 _aENGLISH LITERATURE
942 _hO:1K31:9, J7
_cTEXL
_2cc
999 _c1058914
_d1058914